| 000 | 00507 a2200205 4500 | ||
|---|---|---|---|
| 005 | 20250425161919.0 | ||
| 008 | 250425b |||||||| |||| 00| 0 eng d | ||
| 020 |
_a9781645321828 _cRs. 5495.00 |
||
| 040 | _aMAIN | ||
| 082 |
_a572 _bH251B |
||
| 100 | _aHart, Joseph | ||
| 245 | _aBiochemistry and endocrinology | ||
| 260 |
_bAlexis Press _c2023 _aNew York |
||
| 300 | _ax, 365 | ||
| 650 | _aBiology | ||
| 650 | _aCell Biology | ||
| 650 | _aBiochemistry | ||
| 650 | _aEndocrinology | ||
| 942 | _cBK | ||
| 999 |
_c358454 _d358454 |
||